000 00325nam a22001457a 4500
008 210514b ||||| |||| 00| 0 eng d
020 _a071831004994
041 _aeng
080 _a038
082 _a038
100 _a24
101 _aFJA
245 _aThe New Webster's Spelling Dictionary
_cWebster,
942 _2udc
_cBK
999 _c57327
_d57327